000
00222nam a22000857a 4500
999
_c
11034
_d
11034
008
180801b ||||| |||| 00| 0 eng d
100
_a
Williams Sidney
_9
6818
245
_a
The Dusky Society
260
_a
New Delhi
_b
Campfire
_c
2016